The 'Know Bell' Prize Quiz Stats

 Plays Quiz Updated Apr 5, 2019

Score 0/26 Timer 07:00
1 Play Today
Clue Answer % Correct
Popular in the 1960's & 1970's, these trousers or jeans grew wider below the knee.Bell-bottoms
84%
Elizabeth Berkley of Showgirls and Mark-Paul Gosselaar of NYPD Blue both appeared in this
gentler Saturday morning NBC-TV series.
Saved By The Bell
82.8%
A subsidiary of Yum! Brands, this fast-food chain is named after its founder, Glen Bell.Taco Bell
79%
In 1751, the Pennsylvania State House paid
100 Pounds for this defective merchandise,
but kept it anyways.
Liberty Bell
75.2%
A 'normal distribution' in statistics
produces this shape when graphed.
You often also see it on a Sporcle results page.
Bell curve
74.9%
Uniquely, this Scottish-born inventor made the list of the 100 Great Britons, 100 Greatest Americans
and 100 Greatest Canadians
Alexander Graham Bell
68.4%
'Ask not…' where Ernest Hemingway got this book's title. It was from a 1624 work by John Donne.For Whom The Bell Tolls
66.8%
On the Scoville scale of flavor 'hotness',
jalapeños score 1500, pimentos score 100,
and this vegetable scores zero.
Bell pepper
66.4%
Heard most weekdays at 4 pm EST on Wall Street in New York.Closing bell
49.8%
Glassware often used when trying to create a vacuum, or Sylvia Plath's novel about mental illness.The Bell Jar
47.3%
In 2008, this actress found life after 'Mars' in two prime time roles: narrator on Gossip Girl,
and an electricity-manipulator on Heroes.
Kristen Bell
46.6%
A paralysis of the facial nerve, resulting in inability to control facial muscles on the affected side.Bell's Palsy
43.1%
Opening track on AC/DC's album Back In Black,
or the Buffy episode where
Xander meets future-Xander.
Hells Bells
43.1%
Clue Answer % Correct
Seasonal song written in 1857 by James L Pierpoint.
In the past few years, it's been a holiday hit for both Kimberley Locke and Basshunter.
Jingle Bells
35.8%
Flowers of the genus Hyacinthoides,
or a Scottish pop-band of the 1980's
who recorded 'Young At Heart'.
Bluebells
34.5%
In 1979, this disco classic hit #1 US for Anita Ward. Twenty-two years later, it was covered by Will Smith as 'The Fresh Prince'.Ring My Bell
32.6%
An airtight chamber still used in underwater salvage, it was paired with a 'Butterfly'
in the title of a 2007 French film.
Diving Bell
31.7%
Canadian magazine for brides or type of 'Blues' suffered by the Fifth Dimension in a 1970 hit.Wedding Bells
29.2%
When Bobby Brown went solo, this trio of other
New Edition members found success
with the songs 'Poison' and 'Do Me'.
Bell Biv DeVoe
21.9%
Named after the last of over 30 instruments all played by composer Mike Oldfield, this song is most famously heard on the soundtrack to The Exorcist.Tubular Bells
17.2%
A 1958 rom-com with James Stewart & Kim Novak, named after the 3 necessary articles
for a ceremony of excommunication.
Bell, Book and Candle
14.5%
Dominican-born left fielder and 3-time All Star,
who won the 1987 MVP award while with
the Toronto Blue Jays
George Bell
14.2%
Before gaining fame as Jigsaw in the horror franchise 'Saw', this actor played the Unabomber.Tobin Bell
13.2%
At age 14 he won the BAFTA for Best Actor for his role in the film Billy Elliot.Jamie Bell
12.4%
Older brother of the above running back,
with his band The Drells
he had a #1 song in the 60's with 'Tighten Up'.
Archie Bell
8.4%
This USC running back who was drafted first overall in 1977 by NFL's Tampa Bay Buccaneers,
tragically died at age 29 from heart disease.
Ricky Bell
8.4%

You're not logged in!

Compare scores with friends on all Sporcle quizzes.
OR
Log In

Sporcle TV

Today on Sporcle TV


Watch our educational content, quiz creation guides, and fun videos on Sporcle TV.

Show Comments

Extras

Top Quizzes Today


Score Distribution

Your Account Isn't Verified!

In order to create a playlist on Sporcle, you need to verify the email address you used during registration. Go to your Sporcle Settings to finish the process.

Report this User

Report this user for behavior that violates our Community Guidelines.

Details: